Breaking Bad Universe Every Death - Statistics

General Stats
  • This quiz has been taken 38 times
    13 since last reset
  • The average score is 35 of 105
Answer Stats
Media/Episode Killed by/Cause of Death Answer % Correct
BrBa S4E13 "Face Off" Walter Hartwell "Walt" White Sr. + Hector "Tio" Salamanca Gustavo "Gus" Fring
89%
BrBa S5E16 "Felina" Suicide/Accidental Suicide Walter Hartwell "Walt" White Sr.
89%
BrBa S5E14 "Ozymandias" Jack Welker ASAC {Henry R. "Hank" Schrader}
78%
BCS S6E9 "Point and Shoot" Gustavo "Gus" Fring "Don" {Eduardo "Lalo" Salamanca}
78%
BrBa S4E13 "Face Off" Walter Hartwell "Walt" White Sr. + Himself "Don" {Hector "Tio" Salamanca}
78%
BrBa S5E8 "Gliding Over All" Prison Inmates Jack McGann
78%
BrBa S5E16 "Felina" Walter Hartwell "Walt" White Sr. Jack Welker
78%
BCS S1E10 "Marco" Heart Attack Marco Pasternak
78%
BrBa S3E7 "One Minute" Henry R. "Hank" Schrader Marco Salamanca
78%
BrBa S5E7 "Say My Name" Walter Hartwell "Walt" White Sr. Michael "Mike" Ehrmantraut
78%
BCS S1E6 "Five-O" Michael "Mike" Ehrmantraut Sergeant {Jack Fensky}
78%
BrBa S2E2 "Grilled" Henry R. "Hank" Schrader Tuco Salamanca
78%
BCS S3E10 "Lantern" Suicide Charles Lindbergh "Chuck" McGill Jr.
67%
BrBa S5E14 "Ozymandias" Jack's Gang DEA Agent {Steven "Steve}/{Gomie" Gomez}
67%
BrBa S1E3 "...and the Bag's in the River" Walter Hartwell "Walt" White Sr. Domingo Gallardo "Krazy-8" Molina
67%
BrBa S4E10 "Salud" Gustavo "Gus" Fring "Don" {Eladio Vuente}
67%
BrBa S1E1 "Pilot" Walter Hartwell "Walt" White Sr. Emilio Koyama
67%
BCS S6E7 "Plan and Execution" Eduardo "Lalo" Salamanca Howard G. Hamlin
67%
BCS S6E3 "Rock and Hard Place" Suicide Ignacio "Nacho" Varga
67%
BrBa S3E8 "I See You" Michael "Mike" Ehrmantraut Leonel Salamanca
67%
BrBa S5E16 "Felina" Jesse Bruce Pinkman Todd Alquist
67%
BrBa S4E13 "Face Off" Walter Hartwell "Walt" White Sr. + Hector "Tio" Salamanca Tyrus Kitt
67%
BrBa S5E2 "Madrigal" Michael "Mike" Ehrmantraut Chris Mara
56%
BrBa S2E11 "Mandala" Tomás Cantillo Christian "Combo" Ortega
56%
BrBa S3E8 "I See You" Unnamed Mexican Federales "Don" {Juan Bolsa}
56%
BrBa S4E10 "Salud" Michael "Mike" Ehrmantraut Gaff
56%
BrBa S3E13 "Full Measure" Jesse Bruce Pinkman Gale Boetticher
56%
BrBa S2E12 "Phoenix" Herself + Walter Hartwell "Walt" White Sr. Jane Margolis
56%
BrBa S4E10 "Salud" Jesse Bruce Pinkman Joaquin Salamanca
56%
BrBa S5E16 "Felina", El Camino Walter Hartwell "Walt" White Sr. Lydia Rodarte-Quayle
56%
BrBa S2E6 "Peekaboo" Spooge's Unnamed Lady Spooge
56%
BrBa S2E7 "Negro y Azul" Marco Salamanca "{Tortuga}"
56%
BrBa S4E1 "Box Cutter" Gustavo "Gus" Fring Victor
56%
BrBa S3E4 "Green Light" Suicide {Donald Margolis} (Debatable)
44%
BCS S5E6 "Wexler v. Goodman" ? Don Wachtell
44%
BCS S4E10 "Winner" Eduardo "Lalo" Salamanca Fred Whalen
44%
BrBa S2E1 "Seven Thirty-Seven" Himself Gonzalo "Gonzo"
44%
BrBa S5E16 "Felina" Walter Hartwell "Walt" White Sr. Matt
44%
BrBa S2E1 "Seven Thirty-Seven" Tuco Salamanca "{No-Doze}"
44%
BCS S1E6 "Five-O" Troy Hoffman And/Or Jack Fensky Officer {Matthew "Matt" Ehrmantraut}
44%
BCS S4E10 "Winner" Michael "Mike" Ehrmantraut Werner Ziegler
44%
BCS S5E3 "The Guy For This", BrBa S4E11 "Crawl Space" ? "Abuelita" Salamanca
33%
BrBa S5E15 "Granite State" Todd Alquist Andrea Cantillo
33%
BCS S2E5 "Rebecca", BCS S2E7 "Inflatable" ? Charles Willard McGill Sr.
33%
BrBa S5E10 "Buried" Jack Welker Declan
33%
BrBa S4E10 "Salud" Gustavo "Gus" Fring "Don" {Paco}
33%
BrBa S5E2 "Madrigal" Chris Mara Duane Chow
33%
BCS S1E6 "Five-O" Michael "Mike" Ehrmantraut Officer {Troy Hoffman}
33%
BrBa S5E2 "Madrigal" Suicide Peter Schuler
33%
BCS S2E10 "Klick" Natural Causes Ruth McGill
33%
BrBa S3E12 "Half Measures" The Rival Dealers Tomás Cantillo
33%
BCS S4E2 "Breathe" Gustavo "Gus" Fring Arturo Colon
22%
El Camino Jesse Bruce Pinkman Casey
22%
BCS S6E6 "Axe and Grind" Eduardo "Lalo" Salamanca {Casper} (Debatable)
22%
BrBa S5E8 "Gliding Over All" Prison Inmates Dennis Markowski
22%
BrBa S3E6 "Sunset" Marco Salamanca Deputy {Bobby Kee}
22%
BCS S2E4 "Gloves Off", BrBa S2E2 "Grilled" Tuco Salamanca "Dog" Paulson
22%
BrBa S4E10 "Salud" Gustavo "Gus" Fring "Don" {Cesar}
22%
BrBa S5E5 "Dead Fright" Todd Alquist Drew Sharp
22%
BrBa S5E16 "Felina" Walter Hartwell "Walt" White Sr. Kenny
22%
BrBa S4E8 "Hermanos" Hector "Tio" Salamanca Maximino "Max" Arciniega
22%
El Camino Jesse Bruce Pinkman Neil Kandy
22%
BrBa S4E9 "Bug" Gaff Nick
22%
BrBa S3E1 "No Más" The Cousins "{Olive Oil}"
22%
El Camino Todd Alquist Sonia
22%
BCS S2E10 "Klick" Marco Salamanca Ximenez Lecerda
22%
BCS S3E7 "Expenses" ? {Alan} (Debatable)
11%
BCS S5E10 "Something Unforgivable" Unnamed Mercenaries Cecilio
11%
BrBa S4E10 "Salud" Gustavo "Gus" Fring "Don" {Cisco}
11%
BrBa S4E10 "Salud" Gustavo "Gus" Fring "Don" {Escalada}
11%
BrBa S4E10 "Salud" Gustavo "Gus" Fring "Don" {Luis}
11%
BrBa S4E10 "Salud" Gustavo "Gus" Fring "Don" {Renaldo}
11%
BrBa S5E16 "Felina" Walter Hartwell "Walt" White Sr. Frankie
11%
BCS S2E8 "Fifi" ? George M. Hamlin
11%
BCS S4E6 "Piñata" Heart Failure Geraldine Strauss
11%
BrBa S1E6 "Crazy Handful of Nothin'", BrBa S2E4 "Down" Lung Cancer Ginny
11%
BrBa S5E8 "Gliding Over All" Prison Inmates Isaac Conley
11%
BCS S4E6 "Piñata" Heart Attack Isaacson
11%
BCS S5E8 "Bagman" Michael "Mike" Ehrmantraut Jefe
11%
BrBa S5E16 "Felina" Walter Hartwell "Walt" White Sr. Lester
11%
BCS S5E8 "Bagman" Michael "Mike" Ehrmantraut Matador
11%
BCS S6E1 "Wine and Roses" Eduardo "Lalo" Salamanca Mateo Ramos
11%
BrBa S3E6 "Sunset" The Cousins Mrs. {Peyketewa}
11%
BCS S6E1 "Wine and Roses" Eduardo "Lalo" Salamanca Sylvia Ramos
11%
BCS S5E8 "Bagman" Michael "Mike" Ehrmantraut Tiburón
11%
BCS S5E10 "Something Unforgivable" Unnamed Mercenaries Yolanda
11%
BCS S4E2 "Breathe" ? Alma Neff
0%
BrBa S5E8 "Gliding Over All" Prison Inmates Andrew Holt
0%
BrBa S5E8 "Gliding Over All" Prison Inmates Anthony Perez
0%
BrBa S4E10 "Salud" Gustavo "Gus" Fring Benicio Fuentes
0%
BCS S5E10 "Something Unforgivable" Unnamed Mercenary Ciro
0%
BrBa S5E8 "Gliding Over All" Prison Inmates Daniel "Dan" Wachsberger
0%
BrBa S4E10 "Salud" Gustavo "Gus" Fring "Don" {Artuno}
0%
BrBa S5E8 "Gliding Over All" Prison Inmates Harris Boiven
0%
BCS S5E10 "Something Unforgivable", BCS S6E1 "Wine and Roses" Unnamed Mercenaries Herardo
0%
BCS S5E10 "Something Unforgivable" Unnamed Mercenaries Miguel
0%
BrBa S4E10 "Salud" Gustavo "Gus" Fring Miguel
0%
BrBa S2E7 "Negro y Azul" ? Mr. {Beneke}
0%
BCS S5E10 "Something Unforgivable", BCS S6E1 "Wine and Roses" Unnamed Mercenaries Raul
0%
BrBa S5E8 "Gliding Over All" Prison Inmates Raymond Martinez
0%
BCS S2E3 "Amarillo" ? Ronald
0%
BrBa S5E8 "Gliding Over All" Prison Inmates Ron Forenall
0%
BCS S6E12 "Waterworks" ? {Rusty} (Dog)
0%
BrBa S3E10 "Fly" Unnamed Exterminator "{Scrabbles}" (Opossum)
0%
BrBa S5E8 "Gliding Over All" Prison Inmates William Moniz
0%
No matching quizzes found
Score Distribution
Percent of People with Each Score
Percentile by Number Answered
Your Score History
You have not taken this quiz since the last reset